000 00595nam a2200241Ia 4500
003 OSt
005 20220924152306.0
006 a|||||r|||| 00| 0
007 ta
008 220923b |||||||| |||| 00| 0 mar d
020 _c2.00
024 _a341829
037 _cTextual
040 _aARTS
_cARTS
_bmar
041 _2mar
_amar
082 _aO155,3NGU,2, L0
100 _aGurav
_9226190
245 0 _aChandra ani itar goshti
260 _c1970
650 _aMARATHI LITERATURE
_938000
942 _hO155,3NGU,2, L0
_cTEXL
_2CC
999 _c469370
_d469370